000 00681nam a2200241 i 4500
001 C2-0328465
003 PPAK
005 20180728125811.0
008 140817s ua a|||| ||||| | ara d
040 _aPPAK
_beng
_cPPAK
_erda
082 0 4 _a297.5
_223
090 0 0 _a297.5
_bMUS
_dKMN
100 0 _aMustafa Fahmi,
_eauthor
245 1 0 _aAmradhul kalam
264 1 _aMesir :
_bMaktabatul Misra ,
_c[date of publication not identified]
300 _a234 pages :
_billustrations ;
_c24 cm
336 _2rdacontent
_atext
337 _2rdamedia
_aunmediated
338 _2rdacarrier
_avolume
500 _aTeks dalam Bahasa Arab
650 1 0 _aIslamic ethics.
942 _ddc
_cB
999 _c127850
_d127850